[Event "Treviso Master op 4th"]
[Site "Treviso"]
[Date "2023.03.31"]
[Round "1"]
[White "Teutsch, Alexander"]
[Black "Comai, Samuele"]
[Result "1-0"]
[WhiteElo "2173"]
[BlackElo "1984"]
[PlyCount "91"]
[EventDate "2023.03.31"]
[EventType "swiss"]
[EventRounds "5"]
[EventCountry "ITA"]
[SourceTitle "EXT 2024"]
[Source "ChessBase"]
[SourceDate "2023.10.10"]
[SourceVersion "1"]
[SourceVersionDate "2023.10.10"]
[SourceQuality "1"]

1. d4 Nf6 2. c4 e6 3. Bg5 h6 4. Bh4 Bb4+ 5. Nd2 g5 6. Bg3 Ne4 7. Ngf3 c5 8. dxc5 Nxg3 9. hxg3 Bxc5 10. Qc2 Nc6 11. Qc3 Rh7 12. e3 g4 13. Ne5 Nxe5 14. Qxe5 d6 15. Qh5 Qf6 16. Bd3 Rh8 17. 0-0-0 Qg7 18. Rh4 Bd7 19. Rxg4 Qe5 20. Qxe5 dxe5 21. Rh4 f5 22. Rdh1 Bf8 23. g4 0-0-0 24. g5 e4 25. Be2 Be7 26. Rxh6 Rhg8 27. g6 Bf8 28. Rh8 Rxg6 29. g3 Bd6 30. Kc2 Ba4+ 31. b3 Bc6 32. Rxd8+ Kxd8 33. Rh7 e5 34. Bh5 Rg5 35. Rh8+ Ke7 36. Rh7+ Kf8 37. Bf7 f4 38. Bd5 fxe3 39. fxe3 Rxg3 40. Nxe4 Rg2+ 41. Kc3 Bxd5 42. cxd5 Be7 43. d6 Bxd6 44. Nxd6 Rxa2 45. Rf7+ Kg8 46. Rxb7 1-0

[Event "Caldaro op 4th"]
[Site "Caldaro"]
[Date "2019.10.20"]
[Round "4"]
[White "Comai, Samuele"]
[Black "Muskat, Gunter"]
[Result "0-1"]
[WhiteElo "1993"]
[BlackElo "1941"]
[PlyCount "68"]
[EventDate "2019.10.18"]
[EventType "swiss"]
[EventRounds "5"]
[EventCountry "ITA"]
[SourceTitle "CBM 192 Extra"]
[Source "Chessbase"]
[SourceDate "2019.11.06"]
[SourceVersion "1"]
[SourceVersionDate "2019.11.06"]
[SourceQuality "1"]

1. d4 Nf6 2. c4 c5 3. d5 b5 4. cxb5 a6 5. bxa6 g6 6. Nc3 Bg7 7. e4 0-0 8. Nf3 Qa5 9. Bd3 Nxd5 10. exd5 Bxc3+ 11. Nd2 Bg7 12. 0-0 Bxa6 13. Nc4 Qc7 14. Re1 d6 15. Bg5 Re8 16. Qd2 Bb7 17. Be4 Nd7 18. Re2 Nb6 19. Nxb6 Qxb6 20. h4 Ba6 21. Ree1 Qxb2 22. Qxb2 Bxb2 23. Rab1 Be5 24. Bc2 Bc4 25. Rb7 f6 26. Bh6 Bxd5 27. Rc7 Rxa2 28. Bb1 Ra1 29. f4 Bd4+ 30. Kh2 Kf7 31. h5 Ba2 32. hxg6+ hxg6 33. Bxa2+ Rxa2 34. f5 Be5+ 0-1

[Event "Caldaro op 4th"]
[Site "Caldaro"]
[Date "2019.10.19"]
[Round "3"]
[White "Santagati, Alessandro"]
[Black "Comai, Samuele"]
[Result "1-0"]
[WhiteElo "2288"]
[BlackElo "1993"]
[PlyCount "119"]
[EventDate "2019.10.18"]
[EventType "swiss"]
[EventRounds "5"]
[EventCountry "ITA"]
[SourceTitle "CBM 192 Extra"]
[Source "Chessbase"]
[SourceDate "2019.11.06"]
[SourceVersion "1"]
[SourceVersionDate "2019.11.06"]
[SourceQuality "1"]

1. e4 d5 2. exd5 Nf6 3. d4 Nxd5 4. Nf3 g6 5. Be2 Bg7 6. 0-0 0-0 7. c4 Nb6 8. a4 a5 9. Nc3 Bg4 10. c5 Nd5 11. h3 Bf5 12. Bg5 Nc6 13. Bc4 Ncb4 14. Re1 Re8 15. Nxd5 Nxd5 16. Qb3 Be6 17. Bd2 c6 18. Qxb7 Rb8 19. Qxc6 Nb4 20. Bxb4 Bxc4 21. Bc3 Bd5 22. Qa6 Bxf3 23. gxf3 Bxd4 24. Rad1 e5 25. Bxd4 Qg5+ 26. Kh1 exd4 27. c6 Qf5 28. c7 Qxh3+ 29. Kg1 Rxe1+ 30. Rxe1 Rc8 31. Qc6 d3 32. Re8+ Kg7 33. Qc3+ Kh6 34. Rxc8 Qxc8 35. Qxa5 Qd7 36. Qd2+ Kh5 37. b4 Qxc7 38. Qxd3 Qc1+ 39. Qf1 Qg5+ 40. Qg2 Qc1+ 41. Kh2 f5 42. Qh3+ Kg5 43. Qg3+ Kf6 44. Qd6+ Kg7 45. Qe7+ Kg8 46. a5 Qf4+ 47. Kg2 h5 48. b5 h4 49. Qe3 Qc4 50. b6 Qb5 51. Qe6+ Kg7 52. Qe7+ Kg8 53. b7 h3+ 54. Kh2 Qb2 55. Qd8+ Kh7 56. Qh4+ Kg7 57. a6 Qe5+ 58. Qg3 f4 59. Qxh3 Qc5 60. Kg2 1-0

[Event "Caldaro op 3rd"]
[Site "Caldaro"]
[Date "2018.11.02"]
[Round "3"]
[White "Comai, Samuele"]
[Black "Paveglio, Mattia"]
[Result "1-0"]
[WhiteElo "2091"]
[BlackElo "1870"]
[PlyCount "79"]
[EventDate "2018.11.01"]
[EventType "swiss"]
[EventRounds "6"]
[EventCountry "ITA"]
[SourceTitle "EXT 2021"]
[Source "ChessBase"]
[SourceDate "2020.10.23"]
[SourceVersion "1"]
[SourceVersionDate "2020.10.23"]
[SourceQuality "1"]

1. d4 d5 2. c4 e6 3. Nc3 Nf6 4. cxd5 exd5 5. Bg5 Be7 6. e3 c6 7. Qc2 h6 8. Bh4 Be6 9. Bd3 Nbd7 10. Nge2 Nh5 11. Bxe7 Qxe7 12. 0-0 0-0 13. Rae1 c5 14. dxc5 Nxc5 15. Nd4 Nxd3 16. Qxd3 Nf6 17. Rd1 Rfd8 18. Nce2 Bg4 19. h3 Bxe2 20. Nxe2 Rac8 21. Nf4 Qb4 22. a3 Qxb2 23. Rb1 Qc3 24. Qf5 Rc7 25. Rfc1 Qa5 26. Qe5 Rxc1+ 27. Rxc1 Qxa3 28. Rc7 b5 29. Qf5 Qa5 30. Rxf7 Qa1+ 31. Kh2 Re8 32. Qg6 Ne4 33. Nh5 Qe5+ 34. f4 Re7 35. fxe5 Rxf7 36. e6 Re7 37. Nf4 Nf6 38. Qf5 b4 39. Nxd5 Nxd5 40. Qxd5 1-0

[Event "ITA-ch U14"]
[Site "Courmayeur"]
[Date "2013.06.30"]
[Round "1"]
[White "Lodici, Lorenzo"]
[Black "Comai, Samuele"]
[Result "1-0"]
[WhiteElo "2088"]
[BlackElo "1506"]
[PlyCount "27"]
[EventDate "2013.06.30"]
[EventType "swiss"]
[EventRounds "9"]
[EventCountry "ITA"]
[SourceTitle "EXT 2015"]
[Source "ChessBase"]
[SourceDate "2014.11.20"]
[SourceVersion "1"]
[SourceVersionDate "2014.11.20"]
[SourceQuality "1"]

1. d4 Nf6 2. c4 e6 3. Nc3 Bb4 4. e3 b6 5. Bd3 Bxc3+ 6. bxc3 c5 7. Nf3 Nc6 8. 0-0 Ba6 9. e4 0-0 10. e5 Ne8 11. Bxh7+ Kh8 12. Bd3 d6 13. Ng5 g6 14. Qf3 1-0